000 00688nam a2200277Ia 4500
005 20260324125552.0
008 008 260324s9999 xx 000 0 eng d
020 _a9781843927273
037 _aEBOOK
040 _aCRL
040 _beng
040 _cCRL
041 _2eng
041 _aeng
084 _qCRL
100 _aBecky Milne; Tom Williamson; Stephen Savage
_91178465
245 0 _aInternational Developments in Investigative Interviewing
260 _bTaylor and Francis
260 _c2009
365 _a
365 _b240
856 _uhttp://www.taylorfrancis.com/books/9781843927273
942 _cEBOOK
999 _c1773868
_d1773868